| 000 | 00612nam a22001697a 4500 | ||
|---|---|---|---|
| 008 | 170427b xxu||||| |||| 00| 0 eng d | ||
| 020 | _a9715503357 | ||
| 082 |
_21999 _aDFil 959.9032 _bQ4 |
||
| 100 |
_920553 _aQuibuyen, Floro C. |
||
| 245 |
_aA Nation aborted: _bRizal, American hegemony, and Philippine nationalism/ _cFloro C. Quibuyen. |
||
| 260 |
_aQuezon City: _bADMU Press, _cc1999. |
||
| 300 |
_avii, 344 pages; _c23 cm. |
||
| 500 | _aIncludes bibliographical references and index. | ||
| 650 | 0 |
_920555 _aRizal, Jose, 1861- 1896 - History. |
|
| 650 | 0 |
_920556 _aNationalism - Philippines. |
|
| 942 |
_2ddc _cDFIL |
||
| 999 |
_c6782 _d6782 |
||